| 000 | 00355nam a22001217a 4500 | ||
|---|---|---|---|
| 999 |
_c9498 _d9498 |
||
| 003 | OSt | ||
| 008 | 201209b ||||| |||| 00| 0 eng d | ||
| 245 | _aIndian Journal of Biotechnology | ||
| 250 | _a2018(Jan Vol.17 No.1, Apr Vol.17 No.2, Jul Vol.17 No.3, Oct Vol.17 No.4) | ||
| 260 |
_aNew Delhi _bCSIR-NISCAIR |
||
| 650 | _aApplied Science | ||
| 942 |
_2ddc _cBV |
||